Saints and sinners : a new and original drama of modern English middle-class life, in five acts /

Bibliographic Details
Main Author: Jones, Henry Arthur, 1851-1929
Format: Book
Language:English
Published: New York : Macmillan and Co., 1914.

MARC

Tag First Indicator Second Indicator Subfields
LEADER 00000cam a2200000 4500
001 in00000035701
005 20151007062111.0
008 800701s1914 nyu 00010 eng d
035 |a (OCoLC)06474179 
035 |9 AAD3954AM 
040 |a TXA  |c TXA  |d UtOrBLW 
049 |a TXAM  |c [2997] 
090 |a PR4827  |b .S35 1914 
092 |a 822  |b J77s 
100 1 |a Jones, Henry Arthur,  |d 1851-1929. 
245 1 0 |a Saints and sinners :  |b a new and original drama of modern English middle-class life, in five acts /  |c by Henry Arthur Jones ... 
264 1 |a New York :  |b Macmillan and Co.,  |c 1914. 
300 |a xxvi pages, 2 ., 142 pages :  |b 18 cm. 
336 |a text  |b txt  |2 rdacontent 
337 |a unmediated  |b n  |2 rdamedia 
338 |a volume  |b nc  |2 rdacarrier 
999 |a MARS 
999 f f |s b2e6be09-3f92-349b-be9c-09b91c23a74d  |i 0fef2f38-ccb7-3d88-81c7-a6edfd13bfe9  |t 0 
952 f f |p normal  |a Texas A&M University  |b College Station  |c Sterling C. Evans Library  |d Evans: Library Stacks  |t 0  |e PR4827 .S35 1914  |h Library of Congress classification  |i unmediated -- volume  |m A14801297576 
998 f f |a PR4827 .S35 1914  |t 0  |l Evans: Library Stacks